载入...

Marikkatha thalukal /

书目详细资料
主要作者: Mandakini Narayanan
格式: Printed Book
出版: Kottayam : DC books, 2007.
主题:
LEADER 00477nam a22001457a 4500
020 |a 8124017212 
082 |a 320.092  |b MAN.M 
100 |a Mandakini Narayanan. 
245 |a Marikkatha thalukal /  |c by Mandakini Narayanan. 
260 |a Kottayam :  |b DC books,  |c 2007. 
300 |a 175 p. 
650 |a memories 
942 |c BK 
999 |c 316160  |d 316160 
952 |0 0  |1 0  |4 0  |6 320_092000000000000_MAN_M  |7 0  |8 MAL  |9 338160  |a POL  |b POL  |c GEN  |d 2020-12-02  |l 0  |o 320.092 MAN.M  |p POL20443  |r 2020-12-02  |w 2020-12-02  |y BK